[Event "Copenhagen Chess Challenge 2009"]
[Site "Ballerup"]
[Date "2009.??.??"]
[Round "1"]
[White "Rasmussen, Allan Stig"]
[Black "Akdag, Dara Sevkan"]
[Result "1-0"]
[WhiteElo "2501"]
[BlackElo "2199"]
[PlyCount "97"]
[EventDate "2009.??.??"]
[EventType "swiss"]
[EventRounds "9"]
[EventCountry "DEN"]

1. d4 d5 2. c4 c6 3. Nf3 Nf6 4. e3 e6 5. b3 Be7 6. Bd3 Nbd7 7. O-O O-O 8. Bb2
Ne4 9. Bxe4 dxe4 10. Nfd2 f5 11. f3 exf3 12. Nxf3 Nf6 13. Nbd2 b6 14. Qe2 c5
15. e4 cxd4 16. Bxd4 Bb7 17. exf5 exf5 18. Qe6+ Rf7 19. Rad1 Bc8 20. Qe3 Ng4
21. Qc3 Qc7 22. h3 Nf6 23. Rfe1 Bb7 24. Ng5 Nd5 25. cxd5 Qxc3 26. Bxc3 Bxg5 27.
Nc4 Rd7 28. d6 Rad8 29. Bb4 Bf6 30. Ne5 Bxe5 31. Rxe5 Be4 32. Rc1 Rb8 33. Rc7
Rxc7 34. dxc7 Rc8 35. Re7 Bd5 36. Bc3 Kf8 37. Bb4 Kg8 38. Bd6 g6 39. Be5 Kf8
40. Bf6 h5 41. Re5 Bc6 42. Bd8 Be8 43. h4 Bf7 44. Kf2 Ra8 45. Ke3 Rc8 46. Kf4
Kg7 47. Kg5 Ra8 48. Re7 a6 49. Rd7 1-0

[Event "Copenhagen Chess Challenge 2009"]
[Site "Ballerup"]
[Date "2009.??.??"]
[Round "1"]
[White "Jorgensen, Dennis"]
[Black "Rusev, Krasimir"]
[Result "0-1"]
[WhiteElo "2197"]
[BlackElo "2498"]
[PlyCount "74"]
[EventDate "2009.??.??"]
[EventType "swiss"]
[EventRounds "9"]
[EventCountry "DEN"]

1. d4 d5 2. Nf3 Nf6 3. c4 e6 4. g3 Bb4+ 5. Bd2 Be7 6. Bg2 c6 7. O-O Nbd7 8. Qc2
b6 9. Bf4 Bb7 10. Nbd2 Nh5 11. Be3 f5 12. Nb3 O-O 13. Rfd1 g5 14. Bd2 Rc8 15.
Be1 Bd6 16. a4 Ba6 17. c5 Bb8 18. Nc1 g4 19. Nh4 bxc5 20. dxc5 Be5 21. Bc3 Bf6
22. Bxf6 Qxf6 23. Nd3 Rb8 24. b3 Bxd3 25. exd3 Qd4 26. Rac1 Rb4 27. Re1 Ng7 28.
Re3 Rfb8 29. Qe2 Nf8 30. Qd2 Rxb3 31. Qa5 Rb2 32. Bf1 Ra2 33. Be2 Rbb2 34. Re1
Qxa4 35. Qd8 Qa5 36. Qxa5 Rxa5 37. d4 Rd2 0-1

[Event "Copenhagen Chess Challenge 2009"]
[Site "Ballerup"]
[Date "2009.??.??"]
[Round "1"]
[White "Grandelius, Nils"]
[Black "Hvenekilde, Jorgen"]
[Result "1-0"]
[WhiteElo "2491"]
[BlackElo "2184"]
[PlyCount "47"]
[EventDate "2009.??.??"]
[EventType "swiss"]
[EventRounds "9"]
[EventCountry "DEN"]

1. e4 e5 2. Nf3 d6 3. d4 exd4 4. Nxd4 Nf6 5. Nc3 Be7 6. Bf4 a6 7. Qd2 O-O 8.
O-O-O b5 9. f3 Re8 10. g4 Bf8 11. h4 Bb7 12. h5 Nc6 13. Nxc6 Bxc6 14. g5 Nd7
15. Nd5 Bxd5 16. exd5 Ne5 17. Qf2 c5 18. dxc6 Rc8 19. Bxe5 Rxe5 20. f4 Re8 21.
Bg2 Rc7 22. g6 Kh8 23. Bd5 Qf6 24. gxf7 1-0

[Event "Copenhagen Chess Challenge 2009"]
[Site "Ballerup"]
[Date "2009.??.??"]
[Round "1"]
[White "Schmidt, Tommy B"]
[Black "Danielsen, Henrik"]
[Result "0-1"]
[WhiteElo "2167"]
[BlackElo "2482"]
[PlyCount "102"]
[EventDate "2009.??.??"]
[EventType "swiss"]
[EventRounds "9"]
[EventCountry "DEN"]

1. d4 d6 2. c4 f5 3. Nf3 Nf6 4. Nc3 g6 5. e3 Bg7 6. b4 a5 7. b5 e5 8. Be2 e4 9.
Nd2 Be6 10. O-O O-O 11. a4 Nbd7 12. Ba3 Re8 13. Qc2 Bf7 14. Rac1 Nf8 15. Rfe1
h5 16. Nd5 Ne6 17. Nb3 h4 18. b6 cxb6 19. Nxf6+ Bxf6 20. Nd2 Qc7 21. Rb1 Nf8
22. Rb5 Nd7 23. Qa2 Rec8 24. Rc1 Kg7 25. Qb1 Ra7 26. f3 exf3 27. Bxf3 Re8 28.
Qd3 Bg5 29. Nf1 Nf6 30. Qb3 Ra6 31. Rc3 Ne4 32. Rc2 Qd8 33. Rb2 Qd7 34. Qc2 Qc6
35. c5 bxc5 36. dxc5 dxc5 37. Bxc5 Bf6 38. Bd4 Bxd4 39. exd4 Qd6 40. Bxe4 Qxd4+
41. Qf2 Rxe4 42. Rxb7 Qxf2+ 43. Kxf2 Rf4+ 44. Kg1 Rxa4 45. Nd2 Kf6 46. Nf3 Bd5
47. R2b6+ Rxb6 48. Rxb6+ Kg7 49. Ne5 Ra1+ 50. Kf2 Ra2+ 51. Ke3 Rxg2 0-1

[Event "Copenhagen Chess Challenge 2009"]
[Site "Ballerup"]
[Date "2009.??.??"]
[Round "1"]
[White "Ivanov, Mikhail"]
[Black "Vovk, Oksana"]
[Result "1-0"]
[WhiteElo "2470"]
[BlackElo "2142"]
[PlyCount "67"]
[EventDate "2009.??.??"]
[EventType "swiss"]
[EventRounds "9"]
[EventCountry "DEN"]

1. Nf3 Nf6 2. c4 e6 3. Nc3 Bb4 4. g3 b6 5. Bg2 Bb7 6. O-O O-O 7. d3 d5 8. cxd5
exd5 9. a3 Be7 10. Bf4 c6 11. Nd4 Re8 12. Nf5 Nbd7 13. e4 Bf8 14. Re1 dxe4 15.
dxe4 Ne5 16. Bg5 Bc5 17. Qe2 Qd3 18. Bxf6 Qxe2 19. Nxe2 gxf6 20. b4 Bf8 21. Nf4
a5 22. Rab1 axb4 23. axb4 b5 24. Nh5 Re6 25. Red1 Ba6 26. h3 c5 27. f4 Nc6 28.
e5 fxe5 29. fxe5 Rd8 30. Bxc6 Rxd1+ 31. Rxd1 Rxc6 32. Rd8 Re6 33. Nf6+ Rxf6 34.
exf6 1-0

[Event "Copenhagen Chess Challenge 2009"]
[Site "Ballerup"]
[Date "2009.??.??"]
[Round "1"]
[White "Brondum, Eric"]
[Black "Grabarczyk, Miroslaw"]
[Result "1/2-1/2"]
[WhiteElo "2138"]
[BlackElo "2469"]
[PlyCount "47"]
[EventDate "2009.??.??"]
[EventType "swiss"]
[EventRounds "9"]
[EventCountry "DEN"]

1. d4 d5 2. Nf3 Nf6 3. c4 dxc4 4. Nc3 a6 5. e4 b5 6. e5 Nd5 7. a4 e6 8. axb5
Nb6 9. Be2 Be7 10. Be3 Bb4 11. O-O O-O 12. Ng5 h6 13. Nge4 Bxc3 14. bxc3 Bb7
15. Nc5 Bd5 16. bxa6 Qc8 17. Qd2 N6d7 18. Bxh6 gxh6 19. Qxh6 Nxc5 20. Qg5+ Kh7
21. Qh5+ Kg7 22. Qg5+ Kh7 23. Qh5+ Kg7 24. Qg5+ 1/2-1/2

[Event "Copenhagen Chess Challenge 2009"]
[Site "Ballerup"]
[Date "2009.??.??"]
[Round "1"]
[White "Brynell, Stellan"]
[Black "Rossen, Claus"]
[Result "1-0"]
[WhiteElo "2463"]
[BlackElo "2134"]
[PlyCount "69"]
[EventDate "2009.??.??"]
[EventType "swiss"]
[EventRounds "9"]
[EventCountry "DEN"]

1. d4 Nf6 2. c4 g6 3. g3 Bg7 4. Bg2 O-O 5. Nc3 c5 6. d5 d6 7. Nf3 e6 8. O-O
exd5 9. cxd5 Re8 10. Bf4 a6 11. a4 Qc7 12. Re1 Nbd7 13. h3 Nh5 14. Bd2 Ne5 15.
Kh2 Bd7 16. Nxe5 Bxe5 17. Rc1 b5 18. b4 c4 19. f4 Bg7 20. e4 Bd4 21. Bf3 Ng7
22. Ne2 Ba7 23. Bc3 Rab8 24. a5 Qc8 25. Bg2 Qd8 26. Qd2 Rc8 27. Qb2 Nh5 28. Bf3
Qe7 29. Rcd1 h6 30. e5 Kh7 31. Bxh5 gxh5 32. e6 fxe6 33. Qb1+ Kg8 34. Qg6+ Kf8
35. Qxh6+ 1-0

[Event "Copenhagen Chess Challenge 2009"]
[Site "Ballerup"]
[Date "2009.??.??"]
[Round "1"]
[White "Glud, Jakob Vang"]
[Black "Eriksson, Christian Altenburg"]
[Result "1-0"]
[WhiteElo "2454"]
[BlackElo "2122"]
[PlyCount "47"]
[EventDate "2009.??.??"]
[EventType "swiss"]
[EventRounds "9"]
[EventCountry "DEN"]

1. c4 c5 2. g3 Nc6 3. Bg2 g6 4. Nc3 Bg7 5. a3 e5 6. b4 cxb4 7. axb4 Nge7 8. Ba3
d6 9. e3 Nf5 10. Nge2 O-O 11. d3 Re8 12. O-O h5 13. Qb3 Rb8 14. b5 Na5 15. Qa4
b6 16. Bb4 Bb7 17. Bxa5 Bxg2 18. Kxg2 bxa5 19. e4 Nh6 20. Qxa5 Qg5 21. h4 Qg4
22. Qxa7 Qe6 23. Nd5 Rf8 24. Qe7 1-0

[Event "Copenhagen Chess Challenge 2009"]
[Site "Ballerup"]
[Date "2009.??.??"]
[Round "1"]
[White "Lund, Silas"]
[Black "Rhee, Alexander"]
[Result "1-0"]
[WhiteElo "2430"]
[BlackElo "2115"]
[PlyCount "73"]
[EventDate "2009.??.??"]
[EventType "swiss"]
[EventRounds "9"]
[EventCountry "DEN"]

1. d4 Nf6 2. c4 c6 3. Nf3 d5 4. e3 e6 5. Bd3 Nbd7 6. O-O Bd6 7. Nc3 O-O 8. e4
dxe4 9. Nxe4 Nxe4 10. Bxe4 f5 11. Bc2 c5 12. Re1 Nf6 13. dxc5 Bxc5 14. Be3 Bb4
15. Qxd8 Rxd8 16. Red1 Bd7 17. Ne5 Be8 18. Rxd8 Rxd8 19. Bxa7 Rd2 20. Rc1 Re2
21. Nf3 Bh5 22. Kf1 Bxf3 23. gxf3 Rd2 24. Be3 Rd8 25. a3 Ba5 26. Rd1 Rc8 27. b4
Bc7 28. h3 Be5 29. Bb3 Kf7 30. a4 h6 31. c5 Ke7 32. Bd4 Bxd4 33. Rxd4 Nd7 34.
Rd6 Rc6 35. Rxc6 bxc6 36. a5 Nb8 37. Bc4 1-0

[Event "Copenhagen Chess Challenge 2009"]
[Site "Ballerup"]
[Date "2009.??.??"]
[Round "1"]
[White "Peschardt, Soren"]
[Black "Tikkanen, Hans"]
[Result "0-1"]
[WhiteElo "2104"]
[BlackElo "2425"]
[PlyCount "74"]
[EventDate "2009.??.??"]
[EventType "swiss"]
[EventRounds "9"]
[EventCountry "DEN"]

1. d4 d5 2. c4 e6 3. Nf3 c6 4. Nc3 dxc4 5. a4 Bb4 6. e4 b5 7. Be2 Nf6 8. Bg5
Qb6 9. Qc2 Nbd7 10. O-O Bb7 11. e5 Nd5 12. Nxd5 exd5 13. Qf5 Nf8 14. Be3 Bc8
15. Qh5 h6 16. e6 Bxe6 17. Ne5 g6 18. Qh4 Be7 19. Qg3 h5 20. h4 Bf5 21. axb5
cxb5 22. Bf3 Rd8 23. Rfe1 Ne6 24. b3 cxb3 25. Rac1 b2 26. Rc6 Qb7 27. Rxe6 Bxe6
28. Nxg6 b1=Q 29. Rxb1 fxg6 30. Qe5 Kd7 31. Re1 Qb8 32. Qxe6+ Kxe6 33. Bg5+ Kd6
34. Rxe7 Rde8 35. Rg7 Re1+ 36. Kh2 Kc6+ 37. g3 Rg8 0-1

[Event "Copenhagen Chess Challenge 2009"]
[Site "Ballerup"]
[Date "2009.??.??"]
[Round "1"]
[White "Madsen, Poul Henrik"]
[Black "Bekker Jensen, Simon"]
[Result "0-1"]
[WhiteElo "2074"]
[BlackElo "2411"]
[PlyCount "118"]
[EventDate "2009.??.??"]
[EventType "swiss"]
[EventRounds "9"]
[EventCountry "DEN"]

1. d4 Nf6 2. Nf3 g6 3. Bf4 Bg7 4. e3 O-O 5. Be2 d6 6. h3 Nbd7 7. O-O Qe8 8. c4
e5 9. Bh2 Ne4 10. Nc3 Nxc3 11. bxc3 Qe7 12. Qb3 Kh8 13. Rad1 f5 14. Qa3 g5 15.
dxe5 Nxe5 16. Nxe5 Bxe5 17. Bxe5+ Qxe5 18. Rd5 Qe6 19. Ra5 b6 20. Rxa7 Bb7 21.
Rxa8 Rxa8 22. Qb2 Qe5 23. Qd2 Ra3 24. Rc1 Be4 25. Bf3 Bxf3 26. gxf3 Kg8 27. Rb1
Qe6 28. Rb5 Qxc4 29. Rxf5 h6 30. f4 Rxa2 31. Qd4 Qxd4 32. cxd4 gxf4 33. Rxf4 b5
34. Rf5 c6 35. Rf6 c5 36. Rxd6 c4 37. Rc6 Ra1+ 38. Kg2 Rc1 39. Kf3 b4 40. Ke4
b3 41. Rb6 Rc2 42. d5 Rd2 43. Rb8+ Kf7 44. Rb7+ Kg6 45. Rb6+ Kh5 46. d6 b2 47.
Ke5 c3 48. Ke6 Rxf2 49. d7 Rd2 50. Rb5+ Kg6 51. Ke7 Rxd7+ 52. Kxd7 c2 53. Rb6+
Kf5 54. Rb5+ Ke4 55. Rxb2 c1=Q 56. Rb4+ Kxe3 57. Rb6 Qc3 58. Ke6 Kf4 59. Kf7
Qc7+ 0-1

[Event "Copenhagen Chess Challenge 2009"]
[Site "Ballerup"]
[Date "2009.??.??"]
[Round "1"]
[White "Mikkelsen, Nikolaj"]
[Black "Lauritsen, Martin Lee"]
[Result "1/2-1/2"]
[WhiteElo "2394"]
[BlackElo "2063"]
[PlyCount "102"]
[EventDate "2009.??.??"]
[EventType "swiss"]
[EventRounds "9"]
[EventCountry "DEN"]

1. e4 e5 2. Nf3 Nf6 3. Nxe5 d6 4. Nf3 Nxe4 5. Nc3 Nf6 6. d4 Be7 7. h3 Bf5 8.
Nh4 Be6 9. Qf3 d5 10. Nf5 Bxf5 11. Qxf5 O-O 12. Be2 Qd7 13. Qd3 Nc6 14. O-O
Rfe8 15. Bf3 Nb4 16. Qd1 Qf5 17. a3 Na6 18. Be2 Nb8 19. Bd3 Qc8 20. Qf3 c6 21.
Bf4 Nbd7 22. Rae1 Nf8 23. Be5 Ng6 24. Ne2 Nd7 25. Bg3 Bf6 26. h4 Qd8 27. h5
Ngf8 28. c3 h6 29. Nf4 Rxe1 30. Rxe1 b5 31. Nh3 a5 32. Bd6 Nh7 33. Qf5 Ndf8 34.
Bc5 Qd7 35. Re3 a4 36. f4 Rd8 37. g4 Qxf5 38. Bxf5 g6 39. hxg6 fxg6 40. Be6+
Kg7 41. f5 Re8 42. Kf2 Be7 43. Bxe7 Rxe7 44. Nf4 Ng5 45. Re5 Ngxe6 46. fxe6 Kf6
47. Nd3 Nxe6 48. Nb4 Nd8 49. Nd3 Rxe5 50. Nxe5 h5 51. Kg3 hxg4 1/2-1/2

[Event "Copenhagen Chess Challenge 2009"]
[Site "Ballerup"]
[Date "2009.??.??"]
[Round "1"]
[White "Semcesen, Daniel"]
[Black "Jorgensen, Rasmus"]
[Result "1-0"]
[WhiteElo "2387"]
[BlackElo "2024"]
[PlyCount "75"]
[EventDate "2009.??.??"]
[EventType "swiss"]
[EventRounds "9"]
[EventCountry "DEN"]

1. d4 Nf6 2. c4 g6 3. Nc3 Bg7 4. e4 d6 5. Nf3 O-O 6. h3 Na6 7. Bg5 c6 8. Be2
Nc7 9. O-O d5 10. exd5 cxd5 11. c5 Ne6 12. Be3 Ne4 13. Qb3 Nxc3 14. Qxc3 Bd7
15. b4 Rc8 16. Qb3 Nc7 17. a4 f6 18. b5 Be6 19. a5 Bf7 20. b6 axb6 21. axb6 Ne6
22. Qb4 Be8 23. Nd2 Bc6 24. Nb3 Ng5 25. Na5 e5 26. Rad1 Ne6 27. Nxc6 bxc6 28.
dxe5 fxe5 29. Bg4 Qf6 30. Ra1 h5 31. Bxe6+ Qxe6 32. Ra7 d4 33. Bg5 Bf6 34. Qd2
e4 35. Bf4 Be5 36. Bxe5 Qxe5 37. Qh6 Rf7 38. Qxg6+ 1-0

[Event "Copenhagen Chess Challenge 2009"]
[Site "Ballerup"]
[Date "2009.??.??"]
[Round "1"]
[White "Knudsen, Jes West"]
[Black "Smith, Axel"]
[Result "0-1"]
[WhiteElo "2019"]
[BlackElo "2383"]
[PlyCount "76"]
[EventDate "2009.??.??"]
[EventType "swiss"]
[EventRounds "9"]
[EventCountry "DEN"]

1. e4 e5 2. Bc4 Nf6 3. Nc3 Nc6 4. d3 Na5 5. Nge2 Bc5 6. Ng3 d6 7. Na4 Nxc4 8.
dxc4 Bb4+ 9. c3 Ba5 10. c5 dxc5 11. Qxd8+ Kxd8 12. Nxc5 Nd7 13. Nd3 f6 14. Be3
Ke7 15. Nb4 Nb6 16. Bc5+ Kf7 17. O-O-O Be6 18. Nd5 Nd7 19. Ba3 g6 20. Rhf1 c6
21. b4 Bb6 22. Ne3 Bxe3+ 23. fxe3 a5 24. Bb2 axb4 25. cxb4 Rxa2 26. Rxd7+ Bxd7
27. Bxe5 Rf8 28. Bd4 Rxg2 29. e5 f5 30. Ne4 Ra8 31. Nf6 Be6 32. Nxh7 Rh8 33.
Nf6 Rgxh2 34. Ne4 Rh1 35. Ng5+ Ke7 36. Bc5+ Kd7 37. Rxh1 Rxh1+ 38. Kd2 Bd5 0-1

[Event "Copenhagen Chess Challenge 2009"]
[Site "Ballerup"]
[Date "2009.??.??"]
[Round "1"]
[White "Sahl, Bjarke"]
[Black "Jorgensen, Kasper Moller"]
[Result "1-0"]
[WhiteElo "2366"]
[BlackElo "1999"]
[PlyCount "61"]
[EventDate "2009.??.??"]
[EventType "swiss"]
[EventRounds "9"]
[EventCountry "DEN"]

1. e4 c5 2. Nf3 Nc6 3. d4 cxd4 4. Nxd4 Nf6 5. Nc3 d6 6. h3 e5 7. Nde2 Be7 8. g3
Be6 9. Bg2 O-O 10. Be3 Qa5 11. O-O Rfd8 12. Nd5 Bxd5 13. exd5 Nb4 14. c4 Qc7
15. a3 Na6 16. Rc1 Qd7 17. b4 Rac8 18. Qd3 Ne8 19. Nc3 h6 20. Nb5 b6 21. Rfd1
f5 22. f4 Nac7 23. Nxd6 e4 24. Nxe4 fxe4 25. Qxe4 Rb8 26. c5 bxc5 27. bxc5 Nf6
28. Qc4 Nb5 29. d6+ Kh8 30. dxe7 Qxe7 31. Bf2 1-0

[Event "Copenhagen Chess Challenge 2009"]
[Site "Ballerup"]
[Date "2009.??.??"]
[Round "1"]
[White "Brondt, Nicolai Kvist"]
[Black "Matthiesen, Arne"]
[Result "1/2-1/2"]
[WhiteElo "1971"]
[BlackElo "2349"]
[PlyCount "108"]
[EventDate "2009.??.??"]
[EventType "swiss"]
[EventRounds "9"]
[EventCountry "DEN"]

1. d4 e6 2. c4 d5 3. Nf3 Nf6 4. g3 dxc4 5. Qc2 b5 6. a4 c6 7. b3 cxb3 8. Qxb3
b4 9. Bg2 a5 10. O-O Bb7 11. Nbd2 c5 12. Bb2 Be7 13. Rac1 Nbd7 14. Rfd1 O-O 15.
Nc4 Qb8 16. Nfe5 Bxg2 17. Kxg2 Ra6 18. Nxd7 Nxd7 19. d5 exd5 20. Rxd5 Qa8 21.
Qf3 Nf6 22. Bxf6 Rxf6 23. Qd3 Re8 24. e4 Bf8 25. f3 Rfe6 26. Rd7 Qc6 27. Nxa5
Qxa4 28. Nb3 Qa6 29. Nxc5 Qxd3 30. Nxd3 Rb6 31. Nb2 g6 32. Rcc7 Bd6 33. Rb7
Rxb7 34. Rxb7 Rc8 35. Nd3 Rc2+ 36. Kg1 Rc3 37. e5 Bf8 38. Rd7 b3 39. Kf2 b2 40.
Nxb2 Rc2+ 41. Ke3 Rxb2 42. h4 Bc5+ 43. Kf4 Rb4+ 44. Kg5 Kg7 45. f4 Rb3 46. f5
gxf5 47. e6 Rxg3+ 48. Kxf5 Rf3+ 49. Kg4 Rf6 50. Rxf7+ Rxf7 51. exf7 Kxf7 52. h5
Kf6 53. Kh3 Be3 54. h6 Kg6 1/2-1/2

[Event "Copenhagen Chess Challenge 2009"]
[Site "Ballerup"]
[Date "2009.??.??"]
[Round "1"]
[White "Feuerstack, Aljoscha"]
[Black "Nielsen, Thomas (1975)"]
[Result "1-0"]
[WhiteElo "2345"]
[BlackElo "1970"]
[PlyCount "69"]
[EventDate "2009.??.??"]
[EventType "swiss"]
[EventRounds "9"]
[EventCountry "DEN"]

1. e4 c6 2. d4 d5 3. exd5 cxd5 4. c4 Nf6 5. Nc3 Nc6 6. Bg5 e6 7. Nf3 Be7 8. c5
h6 9. Bf4 O-O 10. Bb5 Bd7 11. O-O Ne4 12. Rc1 g5 13. Be3 f5 14. Bxc6 Bxc6 15.
Ne5 Be8 16. Nxe4 dxe4 17. f4 g4 18. b4 Rf6 19. Bf2 h5 20. Bh4 Rh6 21. Bxe7 Qxe7
22. d5 exd5 23. Qxd5+ Bf7 24. Qd2 Rd8 25. Qc2 Ra6 26. a4 Rd4 27. Rfd1 Qd8 28.
b5 Rf6 29. c6 bxc6 30. bxc6 Qb6 31. Kh1 Bb3 32. c7 Rxd1+ 33. Qxd1 Rf8 34. c8=Q
Bxd1 35. Qxf8+ 1-0

[Event "Copenhagen Chess Challenge 2009"]
[Site "Ballerup"]
[Date "2009.??.??"]
[Round "1"]
[White "Carstensen, Jacob"]
[Black "Andersen, Daniel"]
[Result "1-0"]
[WhiteElo "2331"]
[BlackElo "1940"]
[PlyCount "42"]
[EventDate "2009.??.??"]
[EventType "swiss"]
[EventRounds "9"]
[EventCountry "DEN"]

1. d4 Nf6 2. c4 g6 3. Nc3 d5 4. Bf4 Bg7 5. e3 O-O 6. Nf3 c5 7. dxc5 Qa5 8. Rc1
dxc4 9. Bxc4 Qxc5 10. Bb3 Qa5 11. O-O Qa6 12. Ne5 Be6 13. Bxe6 Qxe6 14. Qf3 Nc6
15. Nxc6 bxc6 16. b3 Nd5 17. Na4 Nb4 18. Rc4 a5 19. a3 Nd3 20. h3 Nxf4 21. Qxf4
Rfc8 1-0

[Event "Copenhagen Chess Challenge 2009"]
[Site "Ballerup"]
[Date "2009.??.??"]
[Round "1"]
[White "Nielsen, Leonard De Freitas"]
[Black "Bekker Jensen, David"]
[Result "1-0"]
[WhiteElo "1925"]
[BlackElo "2330"]
[PlyCount "65"]
[EventDate "2009.??.??"]
[EventType "swiss"]
[EventRounds "9"]
[EventCountry "DEN"]

1. e4 c5 2. Nc3 Nc6 3. f4 g6 4. g3 Bg7 5. Bg2 e6 6. d3 Nge7 7. Be3 d6 8. Nge2
O-O 9. O-O Nd4 10. Qd2 Rb8 11. Nd1 b5 12. c3 Nxe2+ 13. Qxe2 b4 14. g4 f5 15.
gxf5 exf5 16. e5 Ba6 17. c4 Re8 18. a3 Bb7 19. axb4 Bxg2 20. Kxg2 Rxb4 21. Rxa7
Qb6 22. Ra2 dxe5 23. fxe5 Nc6 24. Qf3 Rxe5 25. Bf4 Nd4 26. Qa8+ Qb8 27. Bxe5
Bxe5 28. Qd5+ Kg7 29. Qd7+ Kf6 30. Ra7 Qd6 31. Qg7+ Kg5 32. h4+ Kxh4 33. Qh6+
1-0

[Event "Copenhagen Chess Challenge 2009"]
[Site "Ballerup"]
[Date "2009.??.??"]
[Round "1"]
[White "Holmsgaard, Henrik"]
[Black "Tandrup, Michael"]
[Result "1/2-1/2"]
[WhiteElo "2330"]
[BlackElo "1917"]
[PlyCount "52"]
[EventDate "2009.??.??"]
[EventType "swiss"]
[EventRounds "9"]
[EventCountry "DEN"]

1. e4 d5 2. exd5 Qxd5 3. Nc3 Qa5 4. d4 Nf6 5. Nf3 c6 6. Bd2 Bg4 7. h3 Bxf3 8.
Qxf3 e6 9. Ne4 Qd8 10. Nxf6+ gxf6 11. O-O-O Nd7 12. Bf4 Qa5 13. Bc4 O-O-O 14.
Bb3 Be7 15. Rhe1 Nb6 16. Kb1 Qf5 17. g4 Qg6 18. Bg3 Bd6 19. a4 h5 20. a5 hxg4
21. hxg4 Bxg3 22. Qxg3 Nd5 23. Bc4 a6 24. Rg1 Qg5 25. Qa3 Qf4 26. Qc5 Qd6
1/2-1/2

[Event "Copenhagen Chess Challenge 2009"]
[Site "Ballerup"]
[Date "2009.??.??"]
[Round "1"]
[White "Jacobsen, Mads Holger Bang"]
[Black "Lauridsen, Jesper Morch"]
[Result "0-1"]
[WhiteElo "1830"]
[BlackElo "2287"]
[PlyCount "138"]
[EventDate "2009.??.??"]
[EventType "swiss"]
[EventRounds "9"]
[EventCountry "DEN"]

1. d4 d5 2. c4 e6 3. Nc3 Nf6 4. cxd5 exd5 5. Bg5 Bb4 6. Qb3 Bxc3+ 7. Qxc3 O-O
8. e3 c6 9. Bd3 Nbd7 10. Ne2 Ne4 11. Bxd8 Nxc3 12. Bh4 Nxe2 13. Kxe2 Re8 14.
Rac1 Nf8 15. Kd2 Bd7 16. f3 g6 17. Bf2 Ne6 18. Rc2 Kg7 19. Rb1 a5 20. b4 axb4
21. Rxb4 b5 22. e4 Nf4 23. g3 Nxd3 24. Kxd3 dxe4+ 25. fxe4 Rxe4 26. Kxe4 Bf5+
27. Ke5 Bxc2 28. Rb2 Re8+ 29. Kd6 Re2 30. Bg1 Kf6 31. d5 cxd5 32. Rxb5 Re6+ 33.
Kc5 Kf5 34. Rb2 Re2 35. Rb7 Ke6 36. Rb6+ Ke5 37. Rb7 Bf5 38. Rxf7 Rc2+ 39. Kb4
d4 40. Rxh7 d3 41. Be3 d2 42. Bf4+ Ke4 43. Bxd2 Rxd2 44. Rh6 Kd5 45. a4 Rd4+
46. Kb3 Kc5 47. Rh7 Rd3+ 48. Kb2 Be4 49. Re7 Bf5 50. Rf7 Rd2+ 51. Kc3 Rc2+ 52.
Kb3 Rxh2 53. Rc7+ Kd4 54. a5 Be6+ 55. Ka4 Bc4 56. Kb4 Rb2+ 57. Ka3 Rb3+ 58. Ka4
Rxg3 59. Rd7+ Bd5 60. a6 Rg1 61. a7 Ra1+ 62. Kb5 Ke5 63. Rg7 Kf5 64. Kc5 Bf3
65. Rf7+ Kg4 66. Kd4 g5 67. Rc7 Kg3 68. Ke3 Ra3+ 69. Kd2 g4 0-1

[Event "Copenhagen Chess Challenge 2009"]
[Site "Ballerup"]
[Date "2009.??.??"]
[Round "1"]
[White "Christensen, Casper"]
[Black "Andreasen, Per Naesby"]
[Result "1/2-1/2"]
[WhiteElo "1793"]
[BlackElo "2265"]
[PlyCount "62"]
[EventDate "2009.??.??"]
[EventType "swiss"]
[EventRounds "9"]
[EventCountry "DEN"]

1. e4 g6 2. d4 Bg7 3. Be3 d6 4. c3 Nf6 5. Nd2 O-O 6. Ngf3 Nc6 7. Bc4 e6 8. Qc2
d5 9. Bd3 e5 10. dxe5 dxe4 11. Nxe4 Nxe4 12. Bxe4 Nxe5 13. Nxe5 Bxe5 14. O-O c6
15. f4 Bg7 16. f5 Re8 17. Rae1 Bd7 18. Qd3 Bxf5 19. Bxf5 gxf5 20. Qxf5 Qd5 21.
Qg4 Re6 22. Qb4 Rae8 23. Rf3 Rg6 24. Kf1 b6 25. Qa4 Bf8 26. Rd1 Qe6 27. Re1 b5
28. Qb3 a6 29. Qxe6 Rexe6 30. Re2 Bd6 31. g3 Rgf6 1/2-1/2

[Event "Copenhagen Chess Challenge 2009"]
[Site "Ballerup"]
[Date "2009.??.??"]
[Round "1"]
[White "Petrovski, Petruli"]
[Black "Kristensen, Kaare Hove"]
[Result "0-1"]
[WhiteElo "1772"]
[BlackElo "2244"]
[PlyCount "58"]
[EventDate "2009.??.??"]
[EventType "swiss"]
[EventRounds "9"]
[EventCountry "DEN"]

1. e4 c5 2. Nf3 d6 3. d4 cxd4 4. Nxd4 Nf6 5. Nc3 a6 6. Bg5 e6 7. f4 Be7 8. Qd2
h6 9. Bxf6 Bxf6 10. O-O-O b5 11. Kb1 O-O 12. Be2 Bb7 13. Bf3 Qc7 14. Rhf1 Rd8
15. f5 b4 16. Nce2 e5 17. Nb3 a5 18. Nbc1 Na6 19. g4 Rac8 20. Ng3 a4 21. Nh5
Bg5 22. Qf2 a3 23. Nd3 axb2 24. Nxb2 Qc5 25. Qe2 Nc7 26. Rh1 Nb5 27. Rd3 Nc3+
28. Rxc3 bxc3 29. h4 Qb6 0-1

[Event "Copenhagen Chess Challenge 2009"]
[Site "Ballerup"]
[Date "2009.??.??"]
[Round "1"]
[White "Christensen, Bo Garner"]
[Black "Capion, Jon Gotz"]
[Result "1-0"]
[WhiteElo "2240"]
[BlackElo "1662"]
[PlyCount "51"]
[EventDate "2009.??.??"]
[EventType "swiss"]
[EventRounds "9"]
[EventCountry "DEN"]

1. e4 c5 2. Nf3 d6 3. d4 cxd4 4. Nxd4 Nf6 5. Nc3 a6 6. Bg5 e5 7. Nb3 Be6 8. Qd2
Nbd7 9. f3 Be7 10. O-O-O b5 11. h4 h6 12. Be3 Nb6 13. Na5 Nc4 14. Bxc4 Qxa5 15.
Bxe6 fxe6 16. Qf2 Nd7 17. Qg3 O-O-O 18. Qxg7 Bf6 19. Qg4 b4 20. Rxd6 bxc3 21.
Qxe6 cxb2+ 22. Kb1 Rhe8 23. Qc4+ Kb7 24. Qc6+ Kb8 25. Rxd7 Rxd7 26. Qxd7 1-0

[Event "Copenhagen Chess Challenge 2009"]
[Site "Ballerup"]
[Date "2009.??.??"]
[Round "1"]
[White "Kovachev, Daniel Jacobsen"]
[Black "Nielsen, Poul Bang"]
[Result "1-0"]
[WhiteElo "2256"]
[BlackElo "1792"]
[PlyCount "71"]
[EventDate "2009.??.??"]
[EventType "swiss"]
[EventRounds "9"]
[EventCountry "DEN"]

1. e4 c5 2. Nf3 a6 3. c3 e6 4. d4 cxd4 5. cxd4 d5 6. e5 Bb4+ 7. Nc3 Qc7 8. Bd2
Nc6 9. Bd3 Nge7 10. O-O Ng6 11. h4 Be7 12. g3 b5 13. h5 Nf8 14. h6 g6 15. Ne2
Qd8 16. Qc1 Bb7 17. Bg5 Rc8 18. Bxe7 Nxe7 19. Qf4 Nf5 20. Rac1 Nd7 21. Rxc8
Bxc8 22. Ng5 O-O 23. Bxf5 exf5 24. e6 fxe6 25. Nxe6 Qf6 26. Nxf8 Nxf8 27. Rc1
g5 28. Qe5 Qxe5 29. dxe5 Bd7 30. Rc7 b4 31. Nd4 a5 32. Nxf5 Bxf5 33. Rg7+ Kh8
34. Rf7 Ne6 35. Rxf5 d4 36. Rf6 1-0

[Event "Copenhagen Chess Challenge 2009"]
[Site "Ballerup"]
[Date "2009.??.??"]
[Round "1"]
[White "Haubro, Sigfred"]
[Black "Berg, Klaus"]
[Result "1/2-1/2"]
[WhiteElo "2120"]
[BlackElo "2440"]
[PlyCount "116"]
[EventDate "2009.??.??"]
[EventType "swiss"]
[EventRounds "9"]
[EventCountry "DEN"]

1. Nf3 d6 2. e3 e5 3. c4 f5 4. Nc3 Nf6 5. b3 g6 6. Bb2 Bg7 7. Be2 O-O 8. d4 e4
9. Nd2 c5 10. O-O cxd4 11. exd4 Nc6 12. d5 Ne5 13. Nb5 a6 14. Bxe5 dxe5 15. Nc3
e3 16. fxe3 Qb6 17. Kh1 e4 18. Rc1 Qxe3 19. Na4 Bh6 20. Rc2 f4 21. c5 f3 22.
gxf3 Bh3 23. Nc4 Qf4 24. Rg1 exf3 25. Bxf3 Ne4 26. Bg2 Bg4 27. Qf1 Ng3+ 28.
hxg3 Qg5 29. Qd3 Qh5+ 30. Bh3 Bxh3 31. Rh2 Rf3 32. g4 Rxd3 33. gxh5 Bf4 34. Re2
Rxd5 35. hxg6 hxg6 36. Nab6 Rh5 37. Rxg6+ Kf7 38. Kg1 Rd8 39. Rd6 Rg8+ 40. Kf2
Rxc5 41. Rd5 Rc6 42. Nd7 Bg3+ 43. Ke3 Re6+ 44. Nde5+ Ke7 45. Kd2 b5 46. Rd7+
Kf6 47. Rf7+ Kg5 48. Nf3+ Kh5 49. Nce5 Rd6+ 50. Ke3 Re8 51. Ke4 Kh6 52. Rc2
Rde6 53. Rc5 Bg2 54. Kf5 Bxe5 55. Nxe5 Bh3+ 56. Kf4 Rd8 57. Kg3 Rde8 58. Kf4
Rd8 1/2-1/2